National protocol guidelines: integrated prevention of mother-to-child transmission of HIV/AIDS (Record no. 32138)

MARC details
000 -LEADER
fixed length control field 00887nam a2200169 a 4500
008 - FIXED-LENGTH DATA ELEMENTS--GENERAL INFORMATION
fixed length control field 131009s2008 ||||||||||||||||| || u
050 ## - LIBRARY OF CONGRESS CALL NUMBER
Classification number GOV.ZAM.H4(02)
110 ## - MAIN ENTRY--CORPORATE NAME
Corporate name or jurisdiction name as entry element Government of the Republic of Zambia. Ministry of Health
245 10 - TITLE STATEMENT
Title National protocol guidelines: integrated prevention of mother-to-child transmission of HIV/AIDS
Statement of responsibility, etc. by Government of the Republic of Zambia, Ministry of Health [MOH]
260 ## - PUBLICATION, DISTRIBUTION, ETC.
Place of publication, distribution, etc. Lusaka:
Name of publisher, distributor, etc. Government of the Republic of Zambia, Ministry of Health
Date of publication, distribution, etc. 2008
300 ## - PHYSICAL DESCRIPTION
Extent 60p.: ill.
362 1# -
-- <p>2008</p>
500 ## - GENERAL NOTE
General note Bibliography
650 ## - SUBJECT ADDED ENTRY--TOPICAL TERM
Topical term or geographic name entry element HIV/AIDS--MOTHER-TO-CHILD TRANSMISSION--PREVENTION OF--HANDBOOKS, MANUALS, ETC
650 ## - SUBJECT ADDED ENTRY--TOPICAL TERM
Topical term or geographic name entry element HIV/AIDS--MOTHER-TO-CHILD TRANSMISSION--PREVENTION OF
995 ## -
-- SPECIAL COLLECTIONS
-- 1058
-- CBU-SCHOOL OF MEDICINE LIBRARY (Ndola)
-- GOV.ZAM.H4(02)2008/1
-- 1
-- AVAILABLE
-- Nov 5, 2013
-- B1058
-- Zambiana Collection
999 ## -
-- 32138
-- 32138
Holdings
Withdrawn status Lost status Source of classification or shelving scheme Damaged status Not for loan Permanent Location Current Location Shelving location Date acquired Total Checkouts Full call number Barcode Date last seen Price effective from Koha item type
          CBU-SCHOOL OF MEDICINE LIBRARY, NDOLA. CBU-SCHOOL OF MEDICINE LIBRARY, NDOLA.   11/30/2022   GOV.ZAM.H4(02) B1058 11/30/2022 11/30/2022 MONOGRAPH